000 01638nam a2200361Ia 4500
001 ebr10359172
003 CaPaEBR
006 m u
007 cr cn|||||||||
008 091029s2009 enkb sb 001 0 eng d
010 _z 2009281890
020 _z1848850212
020 _z9781848850217
040 _aCaPaEBR
_cCaPaEBR
035 _a(OCoLC)560524756
050 1 4 _aJF497.C93
_bP47 2009eb
100 1 _aPericleous, Chrysostomos.
245 1 4 _aThe Cyprus referendum
_h[electronic resource] :
_ba divided island and the challenge of the Annan Plan /
_cChrysostomos Pericleous.
260 _aLondon ;
_aNew York :
_bI.B. Tauris ;
_aNew York :
_bDistributed in the United States and Canada exclusively by Palgrave Macmillan,
_c2009.
300 _axviii, 430 p. :
_bmaps.
490 1 _aInternational library of twentieth century history ;
_v26
504 _aIncludes bibliographical references and index.
533 _aElectronic reproduction.
_bPalo Alto, Calif. :
_cebrary,
_d2011.
_nAvailable via World Wide Web.
_nAccess may be limited to ebrary affiliated libraries.
650 0 _aReferendum
_zCyprus.
650 0 _aRepresentative government and representation
_zCyprus.
650 0 _aTurks
_zCyprus
_xPolitics and government.
651 0 _aCyprus
_xPolitics and government
_y1960-2004.
651 0 _aCyprus
_xPolitics and government
_y2004-
655 7 _aElectronic books.
_2local
710 2 _aebrary, Inc.
830 0 _aInternational library of twentieth century history ;
_v26.
856 4 0 _uhttp://site.ebrary.com/lib/rucke/Doc?id=10359172
_zAn electronic book accessible through the World Wide Web; click to view
999 _c104693
_d104693